000 00715nam a2200193 i 4500
001 117191
003 ES-MaACL
005 20231229063031.0
007 t|
008 160728s1842 sp |||| | spa d
100 1 _aZorrilla, José,
_d1817-1893
_9118354
245 1 3 _aEl eco del torrente
_b: drama en tres actos /
_cJosé Zorrilla.
260 _aMadrid :
_b[s.n.],
_c1842 (
_fImp. Yenes)
300 _a84 p. ;
_c19 cm.
530 _aDisponible en formato digital.
852 _aES-MaACL
_jD-1760(8)
_z- Enc. hol.
_z. - Legado de Modesto de la Fuente
856 _uhttp://bibliotecadigital.jcyl.es/i18n/consulta/registro.cmd?id=2344
_zBiblioteca Digital de Castilla y León
999 _c117191
_d117191